Southville International School and Colleges
Your cart is empty.
  • Cart
  • Lists
    Public lists Eva Luna New books Lux_list list_1
    Your lists Log in to create your own lists
  • Log in to your account
  • Your cookies
  • Search history
Southville International School and Colleges
  • Advanced search
  • Recent comments
  • Most popular
  • Libraries

Log in to your account

Log in with GOOGLE


If you do not have an external account, but do have a local account, you can still log in:

  1. Home
  2. MARC view: Bali /
Normal view MARC view ISBD view

Bali / (Record no. 359444)

[ view plain ]
MARC details
000 -LEADER
fixed length control field 00557nam a2200205Ia 4500
003 - CONTROL NUMBER IDENTIFIER
control field SISC
005 - DATE AND TIME OF LATEST TRANSACTION
control field 20181121072011.0
008 - FIXED-LENGTH DATA ELEMENTS--GENERAL INFORMATION
fixed length control field 181119s9999 xx 000 0 und d
020 ## - INTERNATIONAL STANDARD BOOK NUMBER
International Standard Book Number 9781740593465
050 ## - LIBRARY OF CONGRESS CALL NUMBER
Classification number DS 674.B2
Item number .D153 2003
100 ## - MAIN ENTRY--PERSONAL NAME
Personal name Daly, Kate
245 ## - TITLE STATEMENT
Title Bali /
Statement of responsibility, etc Kate Daly
260 ## - PUBLICATION, DISTRIBUTION, ETC. (IMPRINT)
Place of publication, distribution, etc Melbourne :
Name of publisher, distributor, etc Lonely Planet Publication
Date of publication, distribution, etc 2003
300 ## - PHYSICAL DESCRIPTION
Extent 368 pages :
Other physical details col. illustration ;
Dimensions 19 cm.
500 ## - GENERAL NOTE
General note Includes index
650 ## - SUBJECT ADDED ENTRY--TOPICAL TERM
Topical term or geographic name as entry element Indonesia -- Bali Island
650 ## - SUBJECT ADDED ENTRY--TOPICAL TERM
Topical term or geographic name as entry element Indonesia -- Lombok
942 ## - ADDED ENTRY ELEMENTS (KOHA)
Source of classification or shelving scheme Library of Congress Classification
Koha item type Books
Holdings
Withdrawn status Lost status Source of classification or shelving scheme Damaged status Home library Current library Shelving location Date acquired Source of acquisition Total Checkouts Full call number Barcode Date last seen Price effective from Koha item type Public note
    Library of Congress Classification   Luxembourg Library Luxembourg Library High School Section 11/19/2018 Donation   DS 674.B2 .D153 2003 20670 11/19/2018 11/19/2018 Books Donated by Mr. Goldman

Bali /

APA

Daly K., . (2003). Bali. Melbourne: Lonely Planet Publication.

Chicago

Daly Kate, . 2003. Bali. Melbourne: Lonely Planet Publication.

Harvard

Daly K., . (2003). Bali. Melbourne: Lonely Planet Publication.

MLA

Daly Kate, . Bali. Melbourne: Lonely Planet Publication. 2003.

  • Place hold
  • Print
  • Cite
  • Add to your cart (remove)
  • Save record
    BIBTEX Dublin Core MARCXML MARC (non-Unicode/MARC-8) MARC (Unicode/UTF-8) MARC (Unicode/UTF-8, Standard) MODS (XML) RIS
  • More searches
    Search for this title in:
    Other Libraries (WorldCat) Other Databases (Google Scholar) Online Stores (Bookfinder.com) Open Library (openlibrary.org)

Exporting to Dublin Core...

SOUTHVILLE LIBRARY

Southville International School and Colleges Library

1281 Tropical Ave. Cor. Luxembourg St., BF Homes International, Las Pinas City

Tel. No. 8256374 / 252358 Loc. 117/146

Powered by Koha